近鉄の行先 - Statistics

General Stats
  • This quiz has been taken 1,676 times
  • The average score is 46 of 69
Answer Stats
Hint Answer % Correct
近鉄奈良
97%
[B]京都線 京都
96%
生駒
95%
大和西大寺
94%
[E]名古屋線 近鉄名古屋
94%
[A]奈良線 大阪難波
92%
[B]橿原線 橿原神宮前
91%
[D]大阪線 大阪上本町
91%
吉野
88%
天理
86%
鳥羽
86%
伊勢中川
84%
近鉄四日市
84%
[M]志摩線 賢島
84%
大和八木
83%
81%
[F]南大阪線 大阪阿部野橋
81%
宇治山田
81%
河内長野
81%
学研奈良登美ヶ丘
80%
名張
76%
桑名
75%
[K]湯の山線 湯の山温泉
75%
[N]道明寺線 道明寺
75%
東花園
73%
[M]山田線 松阪
72%
[C]けいはんな線 長田
71%
王寺
71%
石切
70%
青山町
70%
[M]鳥羽線 五十鈴川
70%
竹田
69%
新田辺
68%
[I]田原本線 新王寺
68%
五位堂
67%
古市
67%
西田原本
67%
津新町
66%
[P]御所線 近鉄御所
65%
高安
64%
榛原
64%
信貴山口
64%
東生駒
63%
東青山
62%
吉野口
62%
大和朝倉
61%
柏原
61%
[H]天理線 平端
58%
瓢箪山
57%
河内国分
56%
平田町
55%
[O]長野線 富田林
55%
近鉄宮津
54%
藤井寺
54%
尺土
54%
富吉
53%
[J]信貴線 河内山本
53%
生駒山上
51%
[L]鈴鹿線 伊勢若松
50%
塩浜
43%
六田
43%
明星
43%
[F]吉野線 壺阪山
39%
下市口
38%
白塚
34%
[Y]生駒鋼索線 鳥居前
33%
宝山寺
33%
[G]生駒線 東山
28%
[Z]西信貴鋼索線 高安山
26%
No matching quizzes found
Score Distribution
Percent of People with Each Score
Percentile by Number Answered
Your Score History
You have not taken this quiz